000 00389nam a22001577a 4500
003 OSt
005 20251124131022.0
008 251124b |||||||| |||| 00| 0 eng d
020 _a 978-0-14-241493-4
040 _cCL
100 _aGREEN, JOHN
245 _aPaper towns /
260 _aNew York :
_b The Penguin Group,
_cc2008.
300 _a 305 pages ;
_c 21 cm.
942 _2ddc
_cFIC.
_n0
999 _c6079
_d6079